| 000 | 00000nam 2200000za 4500 |
| 001 | 9.608079 |
| 003 | CaOODSP |
| 005 | 20220125150625 |
| 007 | cr ||||||||||| |
| 008 | 150406s2008 onc #o f000 0 fre d |
| 040 | |aCaOODSP|bfre |
| 043 | |an-cn--- |
| 086 | 1 |aD4-12/3-2008F-PDF |
| 245 | 00|aOpérations navales dans l'eau Arctic |h[ressource électronique] : |bles difficultés juridiques que présentent les opérations navales dans l'Arctique Canadien / |
| 260 | |aOttawa : |bDéfense nationale, |c2008. |
| 300 | |a48 p. |
| 300 | |aLa publication a été enlevée le 05 juin 2019 à la demande du ministère-auteur. |
| 490 | 1 |aSérie de documents juridiques stratégiques du cabinet du Juge-avocat général ; |v3 |
| 590 | |a15-02-Supp|b2015-02-16 |
| 691 | 07|aArmée|2gcpds |
| 691 | 07|aNord canadien|2gcpds |
| 691 | 07|aSouveraineté|2gcpds |
| 710 | 1 |aCanada.|bMinistère de la défense nationale.|bCabinet du Juge-avocat général. |
| 775 | 08|tNaval operations in Arctic waters |w(CaOODSP)9.581251 |
| 830 | #0|aSérie de documents juridiques stratégiques du cabinet du Juge-avocat général ;|v3|w(CaOODSP)9.504319 |
| 986 | |aA-LG-007-SLA/AF-003 |